| 000 | 00933na a2200301 4500 | ||
|---|---|---|---|
| 001 | 14413 | ||
| 003 | MIRAKIL | ||
| 005 | 20181213154847.0 | ||
| 008 | 161101b tu 000 0 | ||
| 020 | _a9786056028458 | ||
| 035 | _a14413 | ||
| 040 |
_aMilas _btur _cTR-AnCHP |
||
| 041 | _atur | ||
| 082 |
_a323.119192056 _bG96t 2009 |
||
| 090 | _a323.119192056 G96t 2009 | ||
| 100 | _aGürel, Ahmet | ||
| 245 |
_aTürk Ermeni ilişkileri _bYabancı belgeler ışığında _bdünü ve bugünü _cAhmet Gürel |
||
| 246 | _aYabancı belgeler ışığında | ||
| 260 |
_aİzmir _bŞenocak Yayınları _c2009 |
||
| 300 |
_a402 s. _c20 sm. |
||
| 490 |
_aŞenocak Yayınları _v16 |
||
| 504 | _aKaynakça var. | ||
| 650 |
_aErmeniler _vDış ilişkiler _yTarih _zTürkiye |
||
| 650 |
_aErmeni sorunu _zTürkiye |
||
| 650 |
_aErmeniler _xTarih _zTürkiye |
||
| 651 |
_aTürkiye _xEtnik ilişkiler _yErmeniler _yTarih |
||
| 942 |
_2ddc _cBKS |
||
| 999 |
_c2151 _d2151 |
||